Компьютерное моделирование нанотехнологий, наноматериалов и наноструктур (Запись № 4501661)
[ простой вид ]
| 000 -МАРКЕР | |
|---|---|
| контрольное поле | 01735nam0a2200301 i 4500 |
| 001 - ИДЕНТИФИКАТОР ЗАПИСИ | |
| контрольное поле | RU\NLR\bibl\2032633 |
| 005 - ИДЕНТИФИКАТОР ВЕРСИИ | |
| контрольное поле | 20260405165132.0 |
| 010 ## - МЕЖДУНАРОДНЫЙ СТАНДАРТНЫЙ НОМЕР КНИГИ (ISBN) | |
| Номер (ISBN) | 9785876236630 |
| Тираж | 80 |
| 021 ## - НОМЕР ГОСУДАРСТВЕННОЙ РЕГИСТРАЦИИ | |
| Код страны | российская федерация |
| Номер | 2013-30771 |
| Номер Листа государственной регистраци | 2112 |
| 035 ## - ДРУГИЕ СИСТЕМНЫЕ НОМЕРА | |
| Идентификатор записи | (NLR Aleph) 002020376 |
| 100 ## - ДАННЫЕ ОБЩЕЙ ОБРАБОТКИ | |
| Данные общей обработки | 20131026d2013 k||y0rusy50 ca |
| 101 0# - ЯЗЫК РЕСУРСА | |
| Язык текста, звукозаписи и т.д. | русский |
| 102 ## - СТРАНА ПУБЛИКАЦИИ ИЛИ ПРОИЗВОДСТВА | |
| Страна публикации | российская федерация |
| 105 ## - ПОЛЕ КОДИРОВАННЫХ ДАННЫХ: ТЕКСТОВЫЕ МАТЕРИАЛЫ, МОНОГРАФИЧЕСКИЕ | |
| Кодированные данные о монографическом текстовом документе | a ||||||||| |
| 200 1# - ЗАГЛАВИЕ И СВЕДЕНИЯ ОБ ОТВЕТСТВЕННОСТИ | |
| Основное заглавие | Компьютерное моделирование нанотехнологий, наноматериалов и наноструктур |
| Сведения, относящиеся к заглавию | моделирование наносистем методами молекулярной динамики |
| -- | курс лекций |
| Первые сведения об ответственности | С.Ю. Юрчук |
| Последующие сведения об ответственности | М-во образования и науки РФ, Федер. гос. авт. образоват. учреждение высш. проф. образования "Нац. исслед. технол. ун-т "МИСиС", Каф. полупроводниковой электроники и физики полупроводников |
| 210 ## - ПУБЛИКАЦИЯ, РАСПРОСТРАНЕНИЕ И ДР. | |
| Место издания, распространения и т.д. | Москва |
| Имя издателя, распространителя и т. д. | МИСиС |
| Дата издания, распространения и т.д. | 2013 |
| 215 ## - ФИЗИЧЕСКАЯ ХАРАКТЕРИСТИКА | |
| Специфическое обозначение материала и объем | 46 с. |
| Другие сведения о физической характеристике | ил. |
| Размеры | 21 |
| 225 1# - СЕРИЯ | |
| Основное заглавие серии | Национальный исследовательский технологический университет МИСиС |
| Обозначение тома | N 2208 |
| 320 ## - ПРИМЕЧАНИЯ О НАЛИЧИИ В ДОКУМЕНТЕ БИБЛИОГРАФИИ / УКАЗАТЕЛЯ | |
| Текст примечания | Библиогр.: с. 46 |
| 606 0# - НАИМЕНОВАНИЕ ТЕМЫ КАК ПРЕДМЕТ | |
| Наименование темы | Наноструктуры |
| Формальный подзаголовок | Учебные издания для высших учебных заведений |
| Тематический подзаголовок | Исследование |
| Системный номер авторитетной/нормативной записи | 2424071 |
| Идентификатор авторитетной/нормативной записи | RU\NLR\AUTH\661443366 |
| 686 1# - ИНДЕКСЫ ДРУГИХ КЛАССИФИКАЦИЙ | |
| Индекс | З844.1-01я73-2 |
| 700 #1 - ИМЯ ЛИЦА - ПЕРВИЧНАЯ ОТВЕТСТВЕННОСТЬ | |
| Код отношения | Автор |
| Материалы, к которым относится поле | rus |
| Графика поля | Кириллица |
| Начальный элемент ввода | Юрчук |
| Часть имени, кроме начального элемента ввода | С. Ю. |
| Расширение инициалов личного имени | Сергей Юрьевич |
| Идентификатор авторитетной/нормативной записи | RU\NLR\AUTH\7771038 |
| Системный номер авторитетной/нормативной записи | 53966 |
| 801 #0 - ИСТОЧНИК ЗАПИСИ | |
| Страна | российская федерация |
| Организация | NLR |
| Дата составления | 20130514 |
| Правила каталогизации | RCR |
| 801 #1 - ИСТОЧНИК ЗАПИСИ | |
| Страна | российская федерация |
| Организация | NLR |
| Дата составления | 20130514 |
| 942 ## - ДОПОЛНИТЕЛЬНЫЕ ЭЛЕМЕНТЫ ЗАПИСИ (АБИС) | |
| Тип экземпляра АБИС | Книга |
| 980 ## - КОЛЛЕКЦИЯ | |
| Название коллекции | НБР |
Нет доступных экземпляров.